[Event "Zamardi op"]
[Site "Zamardi"]
[Date "1980.??.??"]
[Round "?"]
[White "Tompa, Janos"]
[Black "Makropoulos, Georgios"]
[Result "1/2-1/2"]
[WhiteElo "2440"]
[BlackElo "2445"]
[PlyCount "100"]
[EventDate "1980.04.??"]
[Source "ChessBase"]

1. e4 c6 2. Nf3 d5 3. Nc3 dxe4 4. Nxe4 Nf6 5. Nxf6+ gxf6 6. g3 Bg4 7. Bg2 Qd7 8. b3 Qe6+ 9. Qe2 Qxe2+ 10. Kxe2 Nd7 11. Bb2 Ne5 12. h3 Bxf3+ 13. Bxf3 Nxf3 14. Kxf3 Rg8 15. d3 Rd8 16. Rae1 Rd5 17. Re4 Kd8 18. Rhe1 Rg6 19. Ba3 Rd7 20. h4 Ke8 21. Bb2 f5 22. Rd4 Rxd4 23. Bxd4 a6 24. Bc5 e6 25. Bxf8 Kxf8 26. a4 Ke7 27. d4 Rg4 28. c3 h5 29. Re5 Kd6 30. Re1 f6 31. Re2 Kd5 32. Re1 Rg7 33. Kf4 Rg8 34. f3 Rg7 35. Re2 Rg8 36. Re1 Rg6 37. Rd1 Rg7 38. Rd2 Kd6 39. Re2 Rg8 40. Re1 Rg7 41. a5 Kd5 42. c4+ Kd6 43. b4 Rg8 44. Re2 Rg6 45. Rg2 Rh6 46. Rg1 Rh8 47. Rb1 Rh7 48. Rb3 Rg7 49. Rb2 Rh7 50. Rd2 Rg7 1/2-1/2

[Event "7th Amplico AIG Life"]
[Site "Warsaw POL"]
[Date "2007.12.15"]
[Round "6"]
[White "Maier, C."]
[Black "Dziuba, M."]
[Result "0-1"]
[WhiteElo "2347"]
[BlackElo "2538"]
[PlyCount "94"]
[EventDate "2007.12.15"]
[Source "www.chesslib.no"]
[SourceDate "2004.05.04"]

1. e4 c6 2. h3 d5 3. e5 c5 4. Nf3 Nc6 5. c3 Bf5 6. d4 e6 7. a3 Nge7 8. Be2 Be4 9. Nbd2 Nf5 10. O-O cxd4 11. cxd4 Be7 12. b4 Nfxd4 13. Nxd4 Nxd4 14. Nxe4 dxe4 15. Qa4+ Kf8 16. Re1 Nxe2+ 17. Rxe2 Qd3 18. Raa2 g5 19. Rad2 Qc4 20. Qd1 Kg7 21. Rd4 Qc6 22. Rexe4 Rhd8 23. Bd2 Rd5 24. Qg4 h5 25. Qxh5 Rh8 26. Qe2 Rhd8 27. Be3 Rxd4 28. Bxd4 Qc1+ 29. Kh2 Qxa3 30. Be3 Rh8 31. Rg4 Rh5 32. Qd2 Rh4 33. Bxg5 Rxg4 34. hxg4 Qxb4 35. Bf6+ Kh7 36. Qg5 Bxf6 37. exf6 Qf8 38. Kg3 Qh6 39. Qe5 Qg6 40. f4 a6 41. g5 b5 42. Qb8 Qd3+ 43. Kh4 Qe4 44. Qc7 Kg6 45. Qb8 Qxg2 46. Qg8+ Kf5 47. Qh7+ Kxf4 0-1

[Event "Dos Hermanas"]
[Site "?"]
[Date "2003.03.17"]
[Round "9"]
[White "Wippermann Till"]
[Black "Ezat Mohamed Mahmoud"]
[Result "0-1"]
[WhiteElo "2507"]
[BlackElo "2377"]
[PlyCount "110"]
[EventDate "2003.??.??"]
[Source "www.chesslib.no"]
[SourceDate "2004.05.04"]

1. e4 c6 2. f4 d5 3. Nc3 dxe4 4. Nxe4 Nf6 5. Nf2 g6 6. Nf3 Bg7 7. g3 O-O 8. Bg2 c5 9. O-O Nc6 10. d3 Nd5 11. Rb1 b6 12. Bd2 Bb7 13. Qe2 Qd7 14. a3 Rae8 15. Ne5 Nxe5 16. fxe5 Bc6 17. Rbe1 Nc7 18. Bxc6 Qxc6 19. Ng4 Qe6 20. Qf3 Qd5 21. Nh6+ Bxh6 22. Bxh6 Qd4+ 23. Rf2 Qxb2 24. e6 f6 25. Qb7 Nb5 26. c4 Nd6 27. Qxa7 Qc3 28. Ref1 Nf5 29. Bxf8 Kxf8 30. g4 Nd6 31. Qxb6 Qxd3 32. Qxc5 Ne4 33. Rxf6+ Nxf6 34. Rxf6+ Kg8 35. Rf4 Rb8 36. Qf2 Qxa3 37. Re4 Qa1+ 38. Kg2 Qa8 39. Qf3 Rf8 40. Rf4 Qa2+ 41. Kg3 Rb8 42. Re4 Rb3 43. Re3 Rxe3 44. Qxe3 Qxc4 45. Qe5 Qc6 46. h4 Qd6 47. Qxd6 exd6 48. Kf4 Kf8 49. Kg5 Ke7 50. Kh6 d5 51. Kxh7 d4 52. h5 gxh5 53. g5 h4 54. g6 h3 55. g7 h2 0-1

[Event "BKL-Turnier"]
[Site "Leipzig"]
[Date "1979.??.??"]
[Round "4"]
[White "Hennings, Artur"]
[Black "Augustin, Josef"]
[Result "0-1"]
[WhiteElo "2450"]
[BlackElo "2430"]
[PlyCount "64"]
[EventDate "1979.12.03"]
[Source "ChessBase"]

1. e4 c6 2. f4 d5 3. e5 c5 4. Nf3 Nc6 5. Be2 Bf5 6. d3 e6 7. O-O Be7 8. c3 h6 9. Na3 g5 10. Nc2 g4 11. Nfe1 h5 12. Be3 Nh6 13. b4 b6 14. b5 Na5 15. Bf2 Qd7 16. a4 O-O-O 17. Ne3 Bg6 18. g3 Kb8 19. N1g2 d4 20. cxd4 cxd4 21. Nc2 Nf5 22. Be1 Rc8 23. Nb4 Ne3 24. Nxe3 dxe3 25. Na6+ Kb7 26. Bxa5 bxa5 27. Rc1 Bf5 28. Qb3 Qd5 29. Qb2 h4 30. Rxc8 Rxc8 31. Rc1 h3 32. Bf3 gxf3 0-1

[Event "II Memorial Pereyra"]
[Site "Mendoza"]
[Date "2003.12.09"]
[Round "5"]
[White "Dolezal, Cristian"]
[Black "Soppe, Guillermo"]
[Result "1/2-1/2"]
[WhiteElo "2410"]
[BlackElo "2467"]
[PlyCount "72"]
[EventDate "2003.12.06"]
[Source "Roberto Alvarez"]
[SourceDate "2003.12.15"]

1. e4 c6 2. b3 d5 3. exd5 cxd5 4. Bb2 Nc6 5. g3 e5 6. Bg2 Nf6 7. Nf3 e4 8. Nd4 Bc5 9. Nxc6 bxc6 10. O-O O-O 11. d4 Bb6 12. Nc3 Ba6 13. Re1 Nd7 14. Ba3 Re8 15. Na4 Ba5 16. Re3 f5 17. f4 Bb5 18. Nb2 Nf6 19. Bh3 g6 20. Bc5 Bb6 21. a4 Ba6 22. Bb4 Rb8 23. a5 Bc7 24. Bc5 Rb7 25. Bf1 Bxf1 26. Qxf1 Rb5 27. a6 Bb8 28. b4 Qd7 29. Rb3 Bd6 30. Na4 Bxc5 31. Nxc5 Qf7 32. Qe2 Nd7 33. Nb7 Qf6 34. c3 Nb6 35. Rba3 Nc4 36. R3a2 Kh8 1/2-1/2

[Event "Tournament (computers)"]
[Site "Internet"]
[Date "2008.01.27"]
[Round "7"]
[White "Computer \"]
[Black "Computer \"]
[Result "0-1"]
[WhiteElo "2345"]
[BlackElo "2515"]
[PlyCount "170"]
[EventDate "2008.??.??"]
[Source "www.chesslib.no"]
[SourceDate "2004.05.04"]

1. e4 c6 2. Nf3 d5 3. e5 Bg4 4. d4 e6 5. Bd3 c5 6. O-O Nc6 7. Bb5 Bxf3 8. Qxf3 cxd4 9. Qe2 Nge7 10. Nd2 a6 11. Bd3 Nb4 12. Nb3 Nec6 13. Rd1 Qc7 14. Bf4 Nxd3 15. Rxd3 Rc8 16. Rc1 Nb4 17. Rxd4 Nxa2 18. Ra1 Nb4 19. c3 Nc6 20. Rd3 Qb6 21. Nc1 g6 22. Rd1 Bg7 23. h4 Qd8 24. h5 Qh4 25. Nd3 gxh5 26. Qe3 O-O 27. Ra4 a5 28. Rda1 b5 29. Bg5 Qxa4 30. Rxa4 bxa4 31. Bh6 Ne7 32. Bxg7 Nf5 33. Qf4 Nxg7 34. Qxa4 Ra8 35. Kf1 Rfc8 36. Qa3 Nf5 37. Ke2 d4 38. cxd4 Rc4 39. Kf1 Rxd4 40. Qc3 Rb8 41. Ne1 Rd1 42. Ke2 Rd5 43. Kf1 Nh4 44. Kg1 Ng6 45. Nc2 Nxe5 46. Ne3 Rdb5 47. Nd1 Rd8 48. Qc2 Kg7 49. Nc3 Rb4 50. Ne4 Rd5 51. Nc3 Rd7 52. Kf1 f6 53. Kg1 h4 54. Kf1 Rd3 55. b3 h3 56. gxh3 Rxh3 57. Kg2 Rd3 58. Ne2 Rg4+ 59. Kf1 h5 60. Qc7+ Rd7 61. Qc1 Nf3 62. Ng3 h4 63. Qc8 Rd5 64. Qxe6 Rd1+ 65. Kg2 Ne5 66. Qe7+ Nf7 67. Qe6 Rdd4 68. Qe3 Rd5 69. Qe6 Rdg5 70. Qb6 hxg3 71. fxg3 Rxg3+ 72. Kf1 Rf3+ 73. Ke2 Ne5 74. Kd1 Rg2 75. Qxa5 Rxb3 76. Qc7+ Kg6 77. Qc2+ Rxc2 78. Kxc2 Re3 79. Kb2 Nc4+ 80. Ka1 Kf5 81. Kb1 Ke4 82. Kc1 Rc3+ 83. Kb1 Kd3 84. Ka1 Kc2 85. Ka2 Ra3# 0-1

[Event "GM"]
[Site "Brno"]
[Date "2004.07.06"]
[Round "5"]
[White "Cernousek, Lukas"]
[Black "Polak, Tomas"]
[Result "0-1"]
[WhiteElo "2378"]
[BlackElo "2482"]
[PlyCount "94"]
[EventDate "2004.07.03"]
[Source "Roberto Alvarez"]
[SourceDate "2004.07.12"]

1. e4 c6 2. Nf3 d5 3. exd5 cxd5 4. Ne5 Nc6 5. d4 Nf6 6. Bb5 Bd7 7. Nxd7 Qxd7 8. c3 e6 9. O-O Bd6 10. Nd2 O-O 11. Re1 Qc7 12. Nf3 h6 13. Bd3 Rfe8 14. h3 Rab8 15. Qe2 Nd7 16. Bd2 a6 17. a4 Re7 18. c4 dxc4 19. Bxc4 Nf6 20. Bc3 Qb6 21. Ne5 Bxe5 22. dxe5 Nd5 23. Rac1 Rd7 24. Qg4 Nxc3 25. Rxc3 Rd4 26. Qh5 Rf4 27. Qe2 Rd8 28. Rec1 Rf5 29. Re3 Nd4 30. Qe1 Nc6 31. b3 Rf4 32. Re4 Rxe4 33. Qxe4 Rd2 34. Qf4 Qd4 35. Qxd4 Nxd4 36. Bf1 Nxb3 37. Rc8+ Kh7 38. Rc3 Na5 39. Bd3+ g6 40. Kf1 Kg7 41. Ke1 Ra2 42. Bc2 Nc6 43. f4 Nd4 44. Bd1 Rxg2 45. Rd3 Nc6 46. Rd7 Rb2 47. Bf3 Rb4 0-1